00433 2200169 4500001002100000005001500021035002000036245003200056100001700088250000600105300001800111260006200129082001600191084002200207020001800229650001600247INLIS00000000000203320250320012002 a0010-03250000781 akisah hidup /cthomas, ruby1 athomas, ruby a1 a26 ;c21 x 29 ajakarta :bbadan pengembangan dan pembinaan bahasa,c2021 a398.209 598 a398.209 598 THO k a9786233072885 4acerita anak